| 000 | 00490nam a2200157Ia 4500 | ||
|---|---|---|---|
| 003 | GCL | ||
| 008 | 140319s9999 xx 000 0 ara d | ||
| 040 |
_aGCL / _cGCL |
||
| 082 | 0 | 4 |
_a301.29 _bم م |
| 100 | 1 | _aبو على ياسين | |
| 245 | 1 | 0 |
_aمعارك ثقافية فى سورية 1977-1975 / _cبو على ياسين |
| 700 | 1 | _aمحمد كامل الخطيب | |
| 700 | 1 | _aنبيل سليمان | |
| 300 | _a319 ص | ||
| 490 |
_aالهيئة العامة للاستعلامات _v0 |
||
| 999 |
_c51180 _d51180 |
||